000 00585nam a22002177i 4500
003 URS
005 20220114152501.0
008 170120b xxu||||| |||| 00| 0 eng d
020 _a9789381084137
040 _erda
_cURS
_beng
100 _4L.K. Garg
245 _aOrigin ad growth of modern Politics
264 1 _aNew Delhi
_bSwastik Publications
_c2012.
300 _a295 p
_c25 cm
336 _atext
_btxt
_2rdacontent
337 _aunmediated
_bn
_2rdamedia
338 _avolume
_bnc
_2rdacarrier
504 _aIncludes bibliography
650 0 _aPolical Science
942 _2ddc
_cFR
999 _c6680
_d6680